Khushwant Singh's joke book 8 / (Record no. 57101)

MARC details
000 -LEADER
fixed length control field 00732nam a22002177a 4500
005 - DATE AND TIME OF LATEST TRANSACTION
control field 2011092807577.0
010 ## - LCCN (DPL NO)
LC control number G-001535
020 ## - INTERNATIONAL STANDARD BOOK NUMBER
Terms of availability 70.00
International Standard Book Number 9788122204544
035 1d - SYSTEM CONTROL NUMBER
System control number G-001535
037 ## - SOURCE OF ACQUISITION
Source of stock number/acquisition Gift
082 ## - DEWEY DECIMAL CLASSIFICATION NUMBER
Classification number 887
245 ## - TITLE STATEMENT
Title Khushwant Singh's joke book 8 /
Statement of responsibility, etc illustrated by Kureel
260 ## - PUBLICATION, DISTRIBUTION, ETC. (IMPRINT)
Place of publication, distribution, etc New Delhi
Name of publisher, distributor, etc Orient Paperbacks
Date of publication, distribution, etc 2008
270 ## - ADDRESS
Address 5A/8, Ansari Road
City New Delhi
Postal code 110002
300 ## - PHYSICAL DESCRIPTION
Extent 143p.
Dimensions 18cm(pbk)
490 ## - SERIES STATEMENT
Series statement The last laugh
-- 34972
700 ## - ADDED ENTRY--PERSONAL NAME
Personal name Kureel
9 (RLIN) 34973
942 ## - ADDED ENTRY ELEMENTS (KOHA)
Source of classification or shelving scheme Dewey Decimal Classification
Item type English Books
Classification part 887
Call number suffix KHU
Holdings
Withdrawn status Lost status Not for loan Collection code Home library Current library Date acquired Source of acquisition Cost, normal purchase price Full call number Barcode Copy number Cost, replacement price Koha item type
      Non-fiction Janak Puri Janak Puri 28/09/2011 gift 70.00 887 KHU G-001535 1 70.00 English Books

© Delhi Public Library
Hit Counter
free hit counter